[Event "Mephisto Cup (40/120')"]
[Site "?"]
[Date "2012.??.??"]
[Round "4"]
[White "Mephisto 68030, Genius"]
[Black "Mephisto ARM2, RISC 2.0."]
[Result "0-1"]
[WhiteElo "2278"]
[BlackElo "2241"]
[Annotator "xchessg"]
[PlyCount "125"]
[SourceDate "2009.11.09"]

{Stil Aktiv; RF} 1. e4 c5 2. Nf3 d6 3. d4 cxd4 4. Nxd4 Nf6 5. Nc3 a6 6. Be2 e6
7. O-O Be7 8. f4 O-O 9. Be3 Qc7 10. Qe1 Nc6 11. Qg3 Nxd4 12. Bxd4 b5 13. a3 Bb7
14. Rae1 g6 15. Bd3 Nh5 16. Qh3 Nxf4 17. Rxf4 {[%eval 9,0] Turnierbuch,
klassik;} e5 18. Rf2 exd4 {[%eval 21,0] *Turnierbuch;} 19. Nd5 Bxd5 20. exd5
Bg5 21. Kh1 Rae8 22. Rxe8 {[%eval -60,0]} Rxe8 {[%eval 76,0]} 23. Rf1 Re5 24.
Qg4 {a tempo} Be3 25. h3 Qd8 26. Kh2 Qe8 27. Kh1 Rxd5 28. Qf3 Qe6 29. a4 Bh6
30. Ra1 {-0.72; abgebrochen} Rh5 {[%eval 58,0]} 31. axb5 axb5 32. Ra7 Rc5 33.
Rb7 d5 34. Qf1 Bd2 {a tempo} 35. Rxb5 Rxb5 36. Bxb5 {a tempo} Kg7 37. Bd3 Bb4
38. g3 Bd6 39. Kg2 Qe3 40. Qf3 {[%eval -27,0] a tempo;} f5 {[%eval 68,0]} 41.
Qf2 f4 42. gxf4 Bxf4 {a tempo} 43. b4 Bc7 44. b5 Be5 {a tempo} 45. b6 {[%eval
0,0]} Bd6 {[%eval 54,0]} 46. h4 Kh6 47. Qf3 {a tempo} Qxf3+ {; abgebrochen} 48.
Kxf3 Kh5 {[%eval 157,0]} 49. Bb5 {[%eval 3,0]} Kxh4 50. Bc6 g5 51. Bxd5 h5 52.
Ke4 Bc5 {a tempo} 53. b7 Ba7 54. Kf3 g4+ 55. Kg2 {[%eval -93,0]} Kg5 {[%eval
286,0]} 56. Bc4 h4 57. Kh2 h3 58. Be6 Kh4 59. Bd5 {[%eval -239,0]} g3+ {[%eval
305,0]} 60. Kh1 Kg5 {4.46; a tempo} 61. Bc6 {[%eval -300,0]} Kf4 62. Bd5 {
[%eval -433,0] a tempo;} g2+ {[%eval 999,0]} 63. Bxg2 {[%eval -884,0]} 0-1

[Event "Mephisto Cup (40/120')"]
[Site "?"]
[Date "2012.??.??"]
[Round "5"]
[White "Mephisto ARM2, RISC 2.0."]
[Black "Mephisto 68030, Genius"]
[Result "0-1"]
[WhiteElo "2241"]
[BlackElo "2278"]
[Annotator "xchessg"]
[PlyCount "145"]
[SourceDate "2009.11.09"]

1. e4 e5 {[%eval 25,0] Stil Aktiv; RF} 2. Nf3 Nc6 3. Bb5 a6 4. Ba4 Nf6 5. O-O
Be7 6. Bxc6 dxc6 7. Qe1 Nd7 8. b3 c5 9. Bb2 Bd6 10. d3 O-O 11. a4 Re8 12. Nbd2
Nb8 13. Nc4 Nc6 14. c3 {[%eval 6,0] *Grossbuch;} Re6 {[%eval 51,0]
*Turnierbuch, klassik;} 15. Qe3 Rg6 16. Kh1 Qf6 17. Nxd6 cxd6 18. Nd2 Be6 19.
f4 exf4 20. Rxf4 {[%eval 21,0]} Qg5 {[%eval 54,0]} 21. g3 Rh6 {a tempo} 22. d4
cxd4 23. cxd4 d5 24. Raf1 dxe4 25. Nxe4 Qd5 {a tempo} 26. R1f3 b6 {a tempo} 27.
Nd2 Qd7 {a tempo} 28. Kg1 Bd5 {a tempo} 29. Rf1 Re8 30. Qd3 {[%eval -40,0]} Qe6
{[%eval 106,0]} 31. R4f2 Nb4 {a tempo} 32. Qc3 a5 33. Bc1 Rc8 34. Nc4 {[%eval
-154,0] a tempo;} Qe4 35. Rf3 Na2 36. Qe3 Nxc1 37. Qxe4 Bxe4 38. Re3 Ne2+ 39.
Rxe2 Bd3 40. Rfe1 Bxe2 41. Rxe2 Kf8 42. d5 Rd8 43. Rd2 {a tempo} Rf6 44. Kg2
Ke7 {a tempo} 45. g4 Rh6 {a tempo} 46. Kg3 Ke8 47. h4 Rf6 48. d6 h6 49. Re2+
Re6 50. Rxe6+ {[%eval -78,0]} fxe6 {[%eval 127,0]} 51. Kf4 Kd7 52. Nxb6+ {a
tempo} Kxd6 53. Nc4+ {a tempo} Kc7 54. Nxa5 Rd4+ 55. Kf3 {[%eval -130,0] a
tempo;} Kb6 {[%eval 203,0]} 56. Nc4+ Ka6 {a tempo} 57. Ne5 Rb4 58. Nd3 {a tempo
} Rxb3 59. Ke4 {a tempo} Ka5 60. g5 {[%eval -153,0]} Rb1 {[%eval 221,0]} 61.
Kf4 Rf1+ 62. Kg4 {a tempo} hxg5 63. hxg5 {a tempo} Rf7 64. Ne5 Rc7 65. Kh5 {
[%eval -226,0]} Rc5 {[%eval 260,0] a tempo;} 66. Nf3 e5 67. Nd2 {a tempo} Rc6
68. Kg4 Rc2 {a tempo} 69. Ne4 g6 {a tempo} 70. Kf3 Rc4 {a tempo} 71. Nf6 Rd4
72. Ne4 Kxa4 73. Nf6 {[%eval -268,0]} 0-1

[Event "Mephisto Cup (40/120')"]
[Site "?"]
[Date "2012.??.??"]
[Round "6"]
[White "Mephisto 68030, Genius"]
[Black "Mephisto ARM2, RISC 2.0."]
[Result "1/2-1/2"]
[WhiteElo "2278"]
[BlackElo "2241"]
[Annotator "xchessg"]
[PlyCount "131"]
[SourceDate "2009.11.09"]

{Stil Ativ; RF} 1. e4 e5 2. Bc4 Nf6 3. d3 Nc6 4. Nf3 Bc5 5. c3 d6 6. a4 Bb6 7.
b4 a5 8. b5 {[%eval 48,0] *Turnierbuch, klassik;} Ne7 9. O-O O-O 10. Bg5 Ng6 {
[%eval 3,0] *Grossbuch;} 11. Qb3 {a tempo} h6 12. Be3 {a tempo} Bxe3 13. fxe3 {
a tempo} c6 14. bxc6 {a tempo} bxc6 15. Nbd2 {[%eval 3,0]} d5 16. exd5 cxd5 17.
Bb5 Qd6 18. Qa3 Qxa3 19. Rxa3 Be6 20. c4 {[%eval 6,0]} Rac8 {[%eval 13,0]} 21.
cxd5 Bxd5 22. e4 Be6 23. Bc4 {a tempo} Bxc4 24. Nxc4 {a tempo} Nxe4 25. Nfxe5 {
[%eval -24,0]} Nxe5 26. Nxe5 Nd6 27. Nf3 Rc5 28. Rb3 Rd8 {a tempo} 29. Re1 Nf5
{a tempo} 30. Reb1 {[%eval -6,0]} f6 {[%eval 7,0]} 31. Rb5 Rcd5 32. R1b3 {a
tempo} Kf7 33. Kf2 {a tempo} h5 34. Rxd5 Rxd5 35. Rb7+ {[%eval 12,0]} Ke6 {
[%eval 10,0]} 36. Ke2 {a tempo} Kd6 37. Ra7 {a tempo} Kc6 38. Ra6+ Kb7 39. Re6
Nd4+ 40. Nxd4 {[%eval 18,0]} Rxd4 {[%eval 23,0]} 41. Re7+ Kb6 {0.21;
abgebrochen} 42. Rxg7 Rxa4 43. Rg6 {a tempo} Rf4 44. Ke3 {a tempo} Rf1 45. Rg8
{[%eval 0,0]} a4 {[%eval 17,0]} 46. Ra8 Kb5 47. Rb8+ Ka5 48. Ra8+ Kb4 49. Rb8+
Kc3 50. Rc8+ {[%eval -27,0]} Kb3 {[%eval 49,0] a tempo;} 51. Rb8+ Ka2 52. Rb5
Re1+ 53. Kd2 {a tempo} Rg1 54. Rxh5 Rxg2+ 55. Kc3 a3 {[%eval 40,0]} 56. h4 {
[%eval -12,0]} Rf2 {a tempo} 57. Ra5 Rf1 58. h5 f5 {a tempo} 59. h6 Rc1+ {a
tempo} 60. Kb4 {[%eval 0,0]} Rb1+ {[%eval 0,0]} 61. Kc4 Rh1 62. Rxf5 Kb1 {a
tempo} 63. Rb5+ Kc2 64. Ra5 Kb2 {a tempo} 65. Rb5+ {[%eval 0,0]} Kc2 66. Ra5
1/2-1/2

[Event "Mephisto Cup (40/120')"]
[Site "?"]
[Date "2012.??.??"]
[Round "7"]
[White "Mephisto ARM2, RISC 2.0."]
[Black "Mephisto 68030, Genius"]
[Result "0-1"]
[WhiteElo "2241"]
[BlackElo "2278"]
[Annotator "xchessg"]
[PlyCount "119"]
[SourceDate "2009.11.09"]

1. d4 d5 {[%eval 25,0] Aktiv, RF} 2. c4 e6 3. Nc3 Nf6 4. Bg5 Be7 5. cxd5 exd5
6. e3 O-O 7. Bd3 {[%eval 18,0] *Grossbuch;} Re8 8. Nf3 Nbd7 9. O-O c6 10. Rc1
Nf8 {[%eval 18,0] *Turnierbuch, klassik;} 11. Qc2 {a tempo} Ng6 12. Rfe1 Ne4
13. Bxe7 Qxe7 {a tempo} 14. Nd2 Nxd2 15. Qxd2 {[%eval 14,0] a tempo;} Qg5 {
[%eval 27,0]} 16. Kh1 Bf5 17. Bxf5 Qxf5 18. b4 a6 19. Na4 Qf6 20. f3 {[%eval
11,0]} Re7 {[%eval 60,0]} 21. Nc5 {a tempo} Rd8 22. a4 {a tempo} Qh4 23. g3 Qh5
24. Qf2 Rd6 25. Rf1 {[%eval 14,0]} Rf6 {[%eval 63,0]} 26. Rc3 h6 27. Qg2 Qf5 {
a tempo} 28. Qe2 Kh8 29. Kg1 Qh5 30. Rc2 {[%eval 28,0]} Qg5 {[%eval 51,0]} 31.
e4 dxe4 32. fxe4 {a tempo} Nf4 33. Qd1 {a tempo} Nh3+ 34. Kg2 Rxf1 {a tempo}
35. Qxf1 {[%eval 0,0]} Qg4 {[%eval -21,0]} 36. e5 Ng5 37. Qd3 Ne6 38. Nxe6 Qxe6
{a tempo} 39. Kg1 Rd7 40. Rf2 {[%eval -6,0]} Kg8 {0.15; abgebrochen} 41. Rd2 f6
42. exf6 Qxf6 43. Qf1 Qxf1+ {a tempo} 44. Kxf1 g5 45. Ke2 Kf7 46. Kd3 g4 47.
Rf2+ Kg7 48. Rf4 h5 {a tempo} 49. Re4 Kg6 50. Re6+ {[%eval 15,0]} Kf5 {[%eval
-18,0]} 51. Re5+ Kg6 52. b5 axb5 53. axb5 Rd5 54. bxc6 Rxe5 55. dxe5 {[%eval
-9,0]} bxc6 {[%eval 33,0]} 56. Kc4 {[%eval -173,0]} Kf5 {[%eval 54,0]} 57. Kd4
{[%eval 0,0]} Ke6 {[%eval 672,0] a tempo;} 58. Ke4 {[%eval -19,0]} c5 59. Kf4 {
[%eval -160,0]} c4 60. Ke4 {[%eval -469,0]} 0-1

[Event "Mephisto Cup (40/120')"]
[Site "?"]
[Date "2012.??.??"]
[Round "8"]
[White "Mephisto 68030, Genius"]
[Black "Mephisto ARM2, RISC 2.0."]
[Result "1/2-1/2"]
[WhiteElo "2278"]
[BlackElo "2241"]
[Annotator "xchessg"]
[PlyCount "182"]
[SourceDate "2009.11.09"]

{Aktiv, RF} 1. d4 Nf6 2. c4 g6 3. Nc3 Bg7 4. e4 d6 5. Nf3 O-O 6. Be2 e5 7. O-O
exd4 8. Nxd4 Re8 9. f3 {[%eval 27,0] *Turnierbuch klassik;} c6 10. Be3 Nbd7 {
[%eval -21,0] *Grossbuch;} 11. Qd2 a6 12. Rad1 a5 13. Nb3 a4 14. Nc1 Re6 15.
Nd3 {[%eval 75,0]} Ne8 {[%eval -21,0]} 16. Nf4 Re5 17. Bd4 {a tempo} Bh6 18.
Kh1 Rea5 19. Be3 {a tempo} Bg7 20. Qe1 {[%eval 48,0]} b6 {[%eval -10,0]} 21.
Bd4 Bxd4 22. Rxd4 Ne5 23. Qg3 Ba6 24. b4 axb3 25. axb3 {[%eval -6,0] a tempo;}
Ra3 {[%eval 43,0]} 26. Rb1 c5 27. Rd2 Bxc4 28. bxc4 Rxc3 {a tempo} 29. Nd5 Rca3
30. Qe1 {[%eval 6,0]} Nd7 {[%eval 43,0]} 31. Rdb2 R8a6 32. Qg3 Ra1 33. Kg1 R6a3
34. Qf4 Rxb1+ 35. Rxb1 {[%eval 0,0]} Ra8 {[%eval 30,0]} 36. Bd3 Ra2 37. Bf1 Ra6
38. Be2 Ne5 {a tempo} 39. Qd2 Ng7 {a tempo} 40. Qb2 f5 {[%eval -3,0] a tempo;}
41. exf5 {[%eval 6,0]} Nxf5 42. f4 Nc6 43. Bg4 Nfd4 44. Re1 Kh8 45. h3 {[%eval
0,0]} Na5 {abgebrochen} 46. Qa3 Ra7 47. Qc3 Rb7 48. Rb1 Nac6 49. Kh1 {a tempo}
Ne7 50. Ne3 {[%eval -39,0]} Kg8 {[%eval 52,0]} 51. Nc2 Nef5 52. Nxd4 Nxd4 53.
Bf3 Nxf3 54. Qxf3 Rf7 55. Qd5 {[%eval -24,0] a tempo;} Kg7 56. g3 {a tempo} Ra7
57. Qg2 {a tempo} Kh6 58. Kh2 Ra4 59. Qc2 Ra3 60. Qd2 {[%eval 0,0]} Ra6 {
[%eval 21,0]} 61. f5+ {a tempo} Qg5 62. Qxg5+ Kxg5 {a tempo} 63. fxg6 Kxg6 {a
tempo} 64. Rd1 b5 65. cxb5 {[%eval -69,0]} Rb6 {[%eval 103,0]} 66. Kg2 Kf5 67.
Kf3 {a tempo} Ke6 68. Re1+ Kd7 69. Ra1 Rxb5 70. Ra7+ Kc6 71. Rxh7 c4 72. g4 d5
73. h4 Rb3+ 74. Ke2 {a tempo} d4 75. Rh8 {[%eval -57,0]} Rg3 {[%eval 119,0]}
76. g5 Kd7 {a tempo} 77. Rh7+ Kd6 78. Rh8 c3 79. Rd8+ {a tempo} Ke5 80. Re8+ {
[%eval -112,0] a tempo;} Kd5 {[%eval 117,0]} 81. Rc8 d3+ {a tempo} 82. Kf2 c2
83. Kxg3 d2 84. Rxc2 d1=Q {[%eval 286,0]} 85. Rf2 {[%eval -63,0]} Qg1+ 86. Rg2
Qe3+ 87. Kh2 {a tempo} Qf4+ 88. Kh3 Qf3+ {a tempo} 89. Kh2 Kd6 {a tempo} 90. g6
{[%eval -18,0]} Qf6 {[%eval 189,0]} 91. g7 {[%eval 0,0]} Qxh4+ {[%eval 0,0]}
1/2-1/2

[Event "Mephisto Cup (40/120')"]
[Site "?"]
[Date "2012.??.??"]
[Round "9"]
[White "Mephisto ARM2, RISC 2.0."]
[Black "Mephisto 68030, Genius"]
[Result "0-1"]
[WhiteElo "2241"]
[BlackElo "2278"]
[Annotator "xchessg"]
[PlyCount "118"]
[SourceDate "2009.11.09"]

1. c4 e5 {[%eval 25,0] Aktiv; RF} 2. Nc3 Nf6 3. Nf3 Nc6 4. g3 d5 5. cxd5 Nxd5
6. Bg2 Nb6 7. O-O Be7 8. a3 O-O 9. d3 Be6 10. b4 a5 11. b5 Nd4 12. Nd2 {
Voelschow,Michael: '*'} c6 13. bxc6 {[%eval -9,0] *Grossbuch;} Nxc6 14. Bb2 a4
15. Qb1 {[%eval -6,0]} (15. Rc1 Ra5 {*} 16. Qc2 Nd4 17. Qd1 Nc6 18. Qc2 Nd4 19.
Qd1 Nc6 {1/2-1/2 Risc 2,M-Berlin Pro,M/Rostock 2003/[Voelschow,Michael] (19)})
15... f6 {[%eval -15,0] *Turnierbuch, klassik;} 16. Rc1 Rc8 {a tempo} 17. Nce4
Nd4 18. Rxc8 Nxc8 19. e3 {a tempo} Nb3 20. Nxb3 axb3 {[%eval -21,0] a tempo;}
21. d4 {[%eval 39,0]} exd4 22. Bxd4 Qa5 23. Qb2 {a tempo} Nb6 24. Nc3 Rc8 25.
Bxb7 {[%eval 63,0]} Rb8 {[%eval -42,0] a tempo;} 26. Bxb6 Qxb6 {a tempo} 27.
Bd5 Bxd5 {a tempo} 28. Nxd5 Qe6 29. Nxe7+ Qxe7 30. Rd1 {[%eval 75,0]} Qe4 {
[%eval 6,0]} 31. Rb1 Qc6 32. h3 Rb7 33. Rd1 Kf7 34. Rd3 Qc2 35. Rd2 {[%eval 67,
0] a tempo;} Qc8 {[%eval 3,0]} 36. Kg2 Qc6+ 37. f3 Qc5 {a tempo} 38. e4 Qb5 {
a tempo} 39. Rd5 Qc4 40. Kf2 {[%eval 71,0] a tempo;} Qc8 {[%eval 0,0]} 41. g4
Qc7 42. Kg2 Qb6 43. Rd3 Qb5 44. Rc3 h5 45. gxh5 {[%eval 80,0]} Qg5+ {[%eval 0,
0] a tempo;} 46. Kh1 Qxh5 47. f4 Qb5 48. Kg1 Qa4 49. Re3 Rb6 50. Kh1 {[%eval
67,0]} Qc4 {[%eval 39,0]} 51. Kg2 Kf8 {a tempo} 52. f5 Rb5 53. Kh2 {a tempo}
Rb8 54. Re1 $2 Qd3 55. Qg2 {[%eval -329,0]} b2 {[%eval 357,0]} 56. Rg1 Rb7 57.
Qf2 Qxe4 58. Qd2 Kg8 59. Qg2 Qe5+ 0-1

[Event "Mephisto Cup (40/120')"]
[Site "?"]
[Date "2012.??.??"]
[Round "10"]
[White "Mephisto 68030, Genius"]
[Black "Mephisto ARM2, RISC 2.0."]
[Result "0-1"]
[WhiteElo "2278"]
[BlackElo "2241"]
[Annotator "xchessg"]
[PlyCount "63"]
[SourceDate "2009.11.09"]

{Aktiv; RF} 1. c4 c6 2. e4 d5 3. cxd5 cxd5 4. exd5 Qxd5 5. Nc3 Qd6 6. d4 Nf6 7.
Nf3 e6 8. Bd3 Be7 9. O-O {[%eval 36,0] *Turnierbuch, modern,} Nc6 10. Qe2 {a
tempo: Bib} O-O 11. Rd1 Nb4 {[%eval 0,0] *Grossbuch;} 12. Nb5 {*0.12} Qb6 13.
Bb1 Bd7 14. Nc3 Rac8 15. Bg5 h6 {[%eval 43,0]} 16. Bxf6 {[%eval 9,0]} Bxf6 {a
tempo} 17. a3 Nc6 18. Qc2 g6 19. Qd2 {a tempo} Bg7 20. Na4 {[%eval -60,0]} Qc7
{[%eval 29,0]} 21. Nc3 Rfd8 22. d5 exd5 {a tempo} 23. Nxd5 Qb8 24. Bd3 Bg4 25.
Be2 {[%eval -130,0] a tempo;} Be6 {[%eval 306,0]} 26. Bc4 {a tempo} b5 27. Bb3
{a tempo} Bxd5 28. Bxd5 {a tempo} Nd4 29. Qe3 Rxd5 30. Rxd4 Bxd4 {a tempo} 31.
Nxd4 {[%eval -281,0]} Re8 {[%eval 312,0]} 32. Nc6 {[%eval -496,0]} 0-1

[Event "Mephisto Cup (40/120')"]
[Site "?"]
[Date "2013.??.??"]
[Round "1"]
[White "Mephisto ARM6, Montreux"]
[Black "Mephisto 68030, Genius"]
[Result "1-0"]
[WhiteElo "2250"]
[BlackElo "2278"]
[Annotator "xchessg"]
[PlyCount "106"]
[SourceDate "2009.11.09"]

{Aktiv} 1. c4 e5 {Aktiv} 2. Nc3 Nf6 3. Nf3 Nc6 4. g3 d5 5. cxd5 Nxd5 6. Bg2 Nb6
7. O-O Be7 8. Rb1 O-O {[%eval 15,0] *Turnierbuch normal;} 9. b4 Nxb4 10. Nxe5 {
*Randombook; -38} Bf5 {[%eval 0,0]} 11. e4 Be6 12. d4 Nxa2 13. Nxa2 Bxa2 14.
Rb2 Be6 15. d5 {-15} Bf6 {[%eval 75,0]} 16. f4 Bd7 17. Qd3 Bxe5 18. fxe5 {a
tempo} Qe8 19. Rb1 Qxe5 20. Bf4 Qe7 21. d6 Qe6 22. dxc7 Rfc8 {a tempo} 23. Rb4
h6 24. Rd4 Qe7 25. Bd6 {114} Qe8 {[%eval 0,0]} 26. Rc1 Bc6 27. Bh3 {a tempo}
Bd7 28. Bxd7 Nxd7 29. Bf4 {a tempo} Nb6 30. Qb3 {99} Kh8 {[%eval 15,0]} 31. Qa2
Qe7 32. Bd6 Qf6 33. e5 Qf3 34. Rf1 Qe3+ 35. Qf2 {132} Qxf2+ {[%eval -30,0] a
tempo;} 36. Rxf2 Kg8 {a tempo} 37. Rdf4 Re8 {a tempo} 38. Rxf7 Rac8 {a tempo}
39. R7f3 Nd7 {[%eval -69,0]} 40. Re3 Re6 {[%eval -81,0] a tempo;} 41. Ra2 a6 {
a tempo} 42. h4 Kh7 43. Kf2 Nf6 44. Kf3 Ne8 {a tempo} 45. Rd3 {185} Kg6 {
[%eval -63,0]} 46. Rc2 Kf7 {[%eval -103,0]} 47. Kf4 Kg6 48. h5+ Kf7 {[%eval
-236,0]} 49. Ba3 {a tempo} g5+ 50. Ke4 {a tempo; 345} Rxc7 51. Rxc7+ Nxc7 {
[%eval -315,0] a tempo;} 52. Rd7+ Ke8 {a tempo} 53. Rxc7 Rb6 {[%eval -509,0]}
1-0

[Event "Mephisto Cup (40/120')"]
[Site "?"]
[Date "2013.??.??"]
[Round "2"]
[White "Mephisto 68030, Genius"]
[Black "Mephisto ARM6, Montreux"]
[Result "0-1"]
[WhiteElo "2278"]
[BlackElo "2250"]
[Annotator "xchessg"]
[PlyCount "92"]
[SourceDate "2009.11.09"]

{Aktiv} 1. c4 c6 {Aktiv} 2. Nc3 d5 3. cxd5 Nf6 $6 {Randombook; -20} 4. dxc6 {
[%eval 57,0] *turnierbuch normal,} Nxc6 5. Nf3 e5 6. e4 Bc5 {a tempo} 7. Bb5
O-O 8. Bxc6 bxc6 9. d3 {a tempo} Re8 10. Bg5 {[%eval 36,0]} Rb8 {[%emt 0:00:21]
} 11. O-O Bg4 {a tempo} 12. h3 Bh5 {a tempo} 13. Na4 Bb6 14. Rc1 Qd6 15. Nxb6
axb6 16. g4 {a tempo} Bg6 (16... Nxg4 17. hxg4 Bxg4 18. Kg2 $1) 17. Qb3 {a
tempo} c5 18. Nh4 Nd7 19. f4 h6 {a tempo} 20. Nxg6 {[%eval 109,0] a tempo;}
Qxg6 {-29} 21. Bh4 {a tempo} exf4 22. Rxf4 Ne5 23. Rd1 h5 24. g5 {[%eval -3,0]
a tempo;} Rbd8 25. Rf5 Qe6 26. Rxe5 {a tempo} Qxe5 27. g6 {[%eval -84,0]} Rd7
28. Qxb6 {a tempo} Rb8 29. Qa6 Kh8 30. gxf7 {[%eval -106,0]} Rxf7 {214} 31. Qg6
Rxb2 {a tempo} 32. Bg3 Rb6 33. Bxe5 Rxg6+ {a tempo} 34. Kh2 {a tempo} Rf2+ 35.
Kh1 Rxa2 36. Rc1 {[%eval -206,0] a tempo;} Rd2 {283} 37. Rxc5 Rxd3 38. Kh2 Rd2+
39. Kh1 {a tempo} Rd1+ 40. Kh2 {[%eval -172,0] a tempo;} h4 {318} 41. Bf4 Re1
42. Rg5 Re2+ {a tempo} 43. Kh1 Rb6 {a tempo} 44. Be5 Rb1+ 45. Rg1 Rxg1+ 46.
Kxg1 Rxe4 0-1

[Event "Mephisto Cup (40/120')"]
[Site "?"]
[Date "2013.??.??"]
[Round "3"]
[White "Mephisto ARM6, Montreux"]
[Black "Mephisto 68030, Genius"]
[Result "1/2-1/2"]
[WhiteElo "2250"]
[BlackElo "2278"]
[Annotator "xchessg"]
[PlyCount "34"]
[SourceDate "2009.11.09"]

{Aktiv} 1. e4 e5 {Aktiv} 2. f4 exf4 3. Nc3 Qh4+ 4. Ke2 d5 5. Nxd5 Bg4+ 6. Nf3
Nc6 7. Nxc7+ Kd8 8. Nxa8 Ne5 9. h3 Bxf3+ 10. gxf3 Qg3 11. d3 {[%emt 0:00:00]
*randombook;} Qxf3+ {[%eval 0,0] *Turnierbuch normal;} 12. Ke1 {a tempo} Qg3+
13. Kd2 Qe3+ 14. Kc3 Qc5+ 15. Kd2 {a tempo} Qe3+ 16. Kc3 Qc5+ 17. Kd2 Qe3+
1/2-1/2

[Event "Mephisto Cup (40/120')"]
[Site "?"]
[Date "2013.??.??"]
[Round "4"]
[White "Mephisto 68030, Genius"]
[Black "Mephisto ARM6, Montreux"]
[Result "0-1"]
[WhiteElo "2278"]
[BlackElo "2250"]
[Annotator "xchessg"]
[PlyCount "140"]
[SourceDate "2009.11.09"]

{Aktiv} 1. e4 e6 {Aktiv} 2. d4 d5 3. Nc3 Nf6 4. e5 Nfd7 5. f4 c5 6. Nf3 Nc6 7.
Be3 Qb6 8. Na4 Qa5+ 9. c3 cxd4 10. b4 Nxb4 11. cxb4 Bxb4+ 12. Bd2 Bxd2+ 13.
Nxd2 g5 14. Nb2 gxf4 15. Nd3 b6 16. Kf2 Ba6 17. Nf3 Rc8 18. Nxf4 Nc5 19. Bxa6
Ne4+ 20. Kg1 Qxa6 21. Nxd4 {[%eval 78,0] *Turnierbuch, mensch;} Rg8 {
*Randombook; -110} 22. Qd3 Qxd3 23. Nxd3 Rc4 24. Ne2 Rc2 25. Nef4 {[%eval 30,0]
a tempo;} Ke7 {-22} 26. a4 Rd2 27. Kf1 Rc8 28. a5 Rc3 29. axb6 {a tempo} axb6
30. Ra7+ {[%eval 9,0] a tempo;} Ke8 {[%emt 0:00:17]} 31. Ke1 Rb3 32. Ra8+ {a
tempo} Kd7 33. Ra1 Rdxd3 {a tempo} 34. Nxd3 Rxd3 35. Rf1 {[%eval 30,0]} Kc6 {
-11} 36. Rxf7 h5 {a tempo} 37. Kf1 Rd4 38. Rh7 {a tempo} h4 39. Rh6 {a tempo}
Nc5 40. Ra3 {[%eval 60,0] a tempo;} Rf4+ {-13} 41. Rf3 Ra4 {a tempo} 42. Rh3
Ra1+ {a tempo} 43. Ke2 Ra2+ {a tempo} 44. Kf3 Ra3+ 45. Kg4 {[%eval 48,0]} Ra2 {
-34} 46. R3xh4 Rxg2+ 47. Kf3 Rg1 {a tempo} 48. Ke3 Re1+ 49. Kd4 b5 50. Rh8 Nd7
51. Re8 Nc5 52. Rc8+ Kb6 53. Rd8 Kc7 {a tempo} 54. Ra8 Kb6 55. Rb8+ Kc6 {a
tempo} 56. Re8 Rc1 57. Rh5 Rc4+ 58. Ke3 {a tempo} b4 59. Rc8+ Kb5 60. Rb8+ {
[%eval 0,0] a tempo;} Ka4 {67} 61. Kd2 Kb3 62. Rg8 Ka2 63. Ra8+ Kb2 {a tempo}
64. Rh6 b3 65. Rh7 {[%eval -112,0]} Ne4+ {254} 66. Kd3 {[%eval -278,0]} Rc3+
67. Ke2 {[%eval -345,0]} Kc2 68. Ra4 Rc4 69. Ra3 Nc3+ 70. Kf3 {[%eval -436,0]}
b2 {455} 0-1

[Event "Mephisto Cup (40/120')"]
[Site "?"]
[Date "2013.??.??"]
[Round "5"]
[White "Mephisto ARM6, Montreux"]
[Black "Mephisto 68030, Genius"]
[Result "0-1"]
[WhiteElo "2250"]
[BlackElo "2278"]
[Annotator "xchessg"]
[PlyCount "100"]
[SourceDate "2009.11.09"]

{Aktiv} 1. e4 c6 {Aktiv} 2. c4 d5 3. cxd5 cxd5 4. exd5 Nf6 5. d4 Nxd5 6. Nc3 e6
7. Bc4 {*Randombook} Bb4 {*Turnierbuch mensch} 8. Nge2 O-O 9. O-O Nc6 10. Qd3
Be7 11. Bd2 Ndb4 12. Qh3 Nxd4 13. Be3 Ndc2 14. Rad1 Qc7 15. Bb3 Nxe3 16. fxe3
h6 17. Nd4 Nc6 18. Ncb5 Qe5 19. Nxc6 bxc6 20. Nd4 Bg5 21. Nxc6 Qxe3+ 22. Qxe3
Bxe3+ 23. Kh1 Bg5 24. Ne5 Bf6 25. Rfe1 Rd8 26. Rxd8+ Bxd8 27. Ba4 Bf6 28. Bc6
Rb8 29. b3 Ba6 {a tempo} 30. Nd7 {-119} Rc8 {[%eval 181,0]} 31. Nxf6+ gxf6 {a
tempo} 32. Be4 f5 33. Bf3 Rc2 34. a4 Rb2 {a tempo} 35. Bd1 {-186} Bb7 36. Bf3 {
a tempo} Bxf3 37. gxf3 Rxb3 {a tempo} 38. Re5 {-135} Rxf3 {[%eval 260,0]} 39.
Ra5 Rd3 {a tempo} 40. Rxa7 e5 {[%eval 245,0] a tempo;} 41. a5 {-82} Ra3 42. h4
Kg7 43. Kg2 Kg6 44. a6 f6 45. Kf2 f4 {[%eval 363,0]} 46. Ra8 {a tempo; -208} e4
47. a7 Kf5 {[%eval 481,0] a tempo;} 48. Kg2 {-379} Ra2+ {a tempo} 49. Kf1 f3
50. Rc8 {-439} Rxa7 {[%eval 639,0]} 0-1

[Event "Mephisto Cup (40/120')"]
[Site "?"]
[Date "2013.??.??"]
[Round "6"]
[White "Mephisto 68030, Genius"]
[Black "Mephisto ARM6, Montreux"]
[Result "1/2-1/2"]
[WhiteElo "2278"]
[BlackElo "2250"]
[Annotator "xchessg"]
[PlyCount "88"]
[SourceDate "2009.11.09"]

{Riskant, RF 0.25; D+T+B 110%, S+L 100%, sel} 1. d4 Nf6 {Aktiv} 2. c4 c6 3. Nf3
d5 {*Randombook; -28} 4. Nc3 e6 {bib} 5. e3 Nbd7 6. a3 Ne4 {*randombook; -35}
7. Bd3 Nxc3 8. bxc3 Bd6 9. O-O {[%eval 54,0] *Turnier, mensch;} b6 {a tempo}
10. cxd5 cxd5 11. e4 dxe4 12. Bxe4 Rb8 13. Qa4 Bb7 14. Bxb7 Rxb7 {a tempo} 15.
d5 {[%eval 15,0]} O-O {-07} 16. dxe6 fxe6 {a tempo} 17. Ng5 Nc5 18. Qc2 {a
tempo} g6 19. Be3 Qc7 {a tempo} 20. Kh1 {[%eval 30,0]} Rbb8 {-09} 21. Qa2 Rf5
22. Bxc5 Bxc5 {a tempo} 23. Nxe6 Qf7 24. Nxc5 {a tempo} Qxa2 25. Rxa2 {[%eval
0,0] a tempo;} Rxc5 {[%emt 0:00:00]} 26. Rc2 {a tempo} Rbc8 27. Rfc1 {a tempo}
b5 28. g3 a5 29. Rb2 {a tempo} Rxc3 30. Rxc3 {[%eval -15,0]} Rxc3 {109} 31.
Rxb5 Rxa3 32. f4 {a tempo} Ra2 33. Rb8+ Kf7 {a tempo} 34. Rb7+ {[%eval 0,0]}
Kf6 {131} 35. Rxh7 {[%eval 21,0]} a4 36. Ra7 a3 37. g4 {a tempo} Ke6 38. h4 Kf6
39. h5 gxh5 40. gxh5 {[%eval 145,0]} Rf2 {-02} 41. Rxa3 Rxf4 42. Rh3 Kg5 {a
tempo} 43. h6 Rf8 44. h7 Rh8 1/2-1/2

[Event "Mephisto Cup (40/120')"]
[Site "?"]
[Date "2013.??.??"]
[Round "7"]
[White "Mephisto ARM6, Montreux"]
[Black "Mephisto 68030, Genius"]
[Result "1-0"]
[WhiteElo "2250"]
[BlackElo "2278"]
[Annotator "xchessg"]
[PlyCount "88"]
[SourceDate "2009.11.09"]

{Aktiv} 1. d4 Nf6 {[%eval 25,0] Riskant; B+T+D 110%, L+S 100%, sel 12; RF} 2.
c4 c5 3. d5 b5 4. cxb5 a6 5. Nc3 axb5 6. e4 Qa5 7. e5 Ne4 {[%eval 36,0]
*Turnierbuch mensch;} 8. Nge2 {[%emt 0:00:37] *Randombook;} d6 9. Bf4 dxe5 10.
Bxe5 {[%emt 0:00:14]} Nd7 {[%eval 90,0]} 11. Ng3 c4 12. Ngxe4 {a tempo} Nxe5 {
a tempo} 13. Qd4 f6 14. f4 Ng6 15. Qe3 {[%emt 0:00:47]} Kf7 {[%eval 45,0]} 16.
Nc5 {a tempo} Qb6 17. a4 Nxf4 {[%eval 130,0]} 18. a5 {-18} Qd6 {a tempo} 19.
Nxb5 Qb8 20. g3 Qxb5 {[%eval 257,0]} 21. gxf4 {-33} Qxb2 22. Ra4 Rb8 23. Rxc4
Qa1+ {a tempo} 24. Kf2 Rb2+ 25. Kg1 {[%emt 0:00:37]} Bg4 {[%eval 157,0]} 26. h3
Qd1 27. Rd4 {112} Qf3 {a tempo} 28. Qxf3 Bxf3 {a tempo} 29. Rh2 Rb8 30. a6 {123
} Ra8 {[%eval -45,0] a tempo;} 31. Rf2 Bh5 32. Bc4 Kg6 33. f5+ Kh6 34. Ne6 g6
35. Rg2 Ra7 36. Bd3 g5 37. h4 g4 38. Rdxg4 {331} Bf7 {[%eval -193,0]} 39. Ra4
Bxe6 40. dxe6 Bg7 41. Be4 Rd8 42. Kf2 Rd6 43. Bb7 Rd2+ 44. Ke3 Rxg2 {[%eval
-557,0]} 1-0